Datum a čas kvízu
36.5
Celkem bodů
Celkový počet nahraných bodů na tomto kvízu bez doplňovacích otázek.
5.
Pořadí na kvízu
Konečné umístění týmu na tomto kvízu.
Zaznamenané odpovědi
| # | Otázka | Odpověď | Body | Výsledky |
|---|---|---|---|---|
| 1. | Ve středu utekla jednomu chova... | o pumě | 1 | |
| 2. | V Pekingu byla minulý týden v... | Labubu | 0 | |
| 3. | V sobotu v rámci 30. ročníku f... | ostříhat vlasy | 1 | |
| 4. | Mediální skupina Mafra ve čtvr... | Ticketportal | 1 | |
| 5. | Ve které zemi byl v úterý zahá... | na Slovensku | 1 | |
| 6. | Toto téma začneme prostě, a to... | Gryf | 1 | |
| 7. | Termínem Jókai (Yōkai) se ozna... | D | 0 | |
| 8. | V roce 2009 byl Rodinným autem... | Škoda Yeti | 1 | |
| 9. | V této otázce bude vaším úkole... | 1C 2A 3D 4B | 1 | |
| 10. | Na závěr jedno české mytologic... | Blaník | 0 |